Quiz o Wiśle Kraków. - Statystyki

Ogólne statystyki
  • Ten quiz został rozwiązany 151 razy
  • Średni wynik to 7 z 20
Statystyki odpowiedzi
Pytanie Odpowiedź % Poprawnych
1.W jakim roku została założona Wisła Kraków? 1906
96%
7. Jaki jest przydomek Wisły Kraków? ,,Biała Gwiazda"
77%
8.Ile razy Biała Gwiazda sięgała po Puchar Polski? 4
75%
6. Ile razy Wisła kraków wygrywała Ekstraklasę? 13
74%
2.jakie są wiślackie barwy? Niebieski/biały/czerwony
70%
12. Ile razy Wisła Kraków sięgała po Superpuchar Polski? 1
64%
4. Kogo imieniem nazwany jest stadion Wisły Kraków? Henryka Reymana
58%
13. Jak jest nazywany mecz pomiędzy Wisłą Kraków a jej największymrywalem- Cracovią? Derby Krakowa
37%
10. Jaki jest obecny sponsor techniczny Wisły?(Stan na 1.03.2024 r.) Macron
29%
5. Jaka jest najwyższa pozycja zajęta przez Wisłę Kraków na lidze mistrzów? Ćwierćfinał
26%
20. Jaka jest najwyższa pozycja Wisły Kraków w Pucharze Zdobywców? 1/8 finału
20%
3.Na jakiej ulicy znajduje się stadion wisły? Reymonta 20
15%
14. Z jakiego kraju pochodził pierwszy trener Białej Gwiazdy? Węgry
14%
19. Kto zagrał dla Wisły najwięcej meczów(461)? Arkadiusz Głowacki
9%
17. Jakiego koloru była 1 oficjalna koszulka Wisły Kraków? Niebieskiego
9%
11. Jaki był najwyższy wynik meczu w historii Białej Gwiazdy? 8:0
8%
18. Ile sezonów Biała Gwiazda spędziła w Ekstraklasie? 82
7%
16. Jaki sponsor widnieje obecnie na koszulkach Wisły(stan na 1.03.2024 r.) Socios Wisła/Synerise
7%
15. Jaka jest największa trybuna na stadionie Wisły? Trybuna E
6%
9. Kiedy oddano do użytku stadion Wisły? w 1953 roku
2%
Nie znaleziono quizów pasujących do podanych kryteriów
Rozkład punktacji
Procent ludzi z każdym wynikiem
Percentyl według liczby udzielonych odpowiedzi
Twoja historia wyników
Nie rozwiązałeś tego quizu